000 01015nam a22002897a 4500
001 BR9904533
003 BR-BrBNA
005 20230928100316.0
007 ta
008 230509b bl.||||| |||| 00| 0 por d
040 _aBR-BrBNA
_bpor
_cBiblioteca Nacional de Agricultura
041 _a(Por)
072 _aU40
090 _ U40 BR9904533
100 1 _aSantos, M.S.
110 1 _aInstituto Nacional de Pesquisas Espaciais, Sao Jose dos Campos, SP (Brasil)
_0Tese (Mestrado em Sensoriamento Remoto)
245 1 _aDescricao de corpos arenosos de grande escala na zona costeira e na plataforma continental norte do Rio Grande do Norte por imagens TM/LANDSAT
260 3 _aSao Jose dos Campos, SP (Brasil):
_c1999.
300 _a123 p.
500 _aSummaries (Eng, Por); Bibliography p. 111-117; 50 illus.; 20 tables
650 _aSensoriamento Remoto
650 _aMapa
650 _aLevantamento Topografico
650 _aRio Grande do Norte
909 _a202309
_bLucia
_c55
_dLucia Elande
942 _cBK
999 _c60887
_d60887